Etimologias Latinas del espanol.

Saved in:
Bibliographic Details
Main Author: Mateos Munoz, Agustin
Format: Book
Language:Spanish
Published: Mexico : Editorial Esfinge, 1967.
Edition:12a ed.
Subjects:
LEADER 00721nam a22002051 4500
001 c000193945
003 CARM
005 20021125001700.0
008 851003s1967 mx 0 spa d
019 1 |a 3960310  |5 LACONCORD2021 
035 |a (OCoLC)1077279  |5 LACONCORD2021 
100 2 |a Mateos Munoz, Agustin. 
245 1 0 |a Etimologias Latinas del espanol. 
250 |a 12a ed. 
260 |a Mexico :  |b Editorial Esfinge,  |c 1967. 
650 0 |a Spanish language  |x Etymology. 
852 8 |b CARM  |h A2:AO15A0  |i B06562  |p 0302570  |f BK 
082 0 4 |a 462.4 
999 f f |i e545ce01-cb5d-5402-8fa5-c8bd4d1c074b  |s f150cbd5-008a-5328-8cfb-e684c865e316 
952 f f |p Can circulate  |a CAVAL  |b CAVAL  |c CAVAL  |d CARM 1 Store  |e B06562  |f A2:AO15A0  |h Other scheme  |i book  |m 0302570